Państwa, w których obowiązuje ruch lewostronny - nagła śmierć - Statystyki

Ogólne statystyki
  • Ten quiz został rozwiązany 21 razy
  • Średni wynik to 16 z 20
Answers on the Grid
Answers color-coded by a green-red scale on the quiz's grid according to % correct below.
Australia
Bahamy
Bangladesz
Chiny
Fidżi
Francja
Gujana
Hiszpania
Indie
Indonezja
Irlandia
Japonia
Kanada
Kenia
Kolumbia
Malezja
Meksyk
Namibia
Niemcy
Nowa Zelandia
Pakistan
Republika Południowej Afryki
Rosja
Singapur
Sri Lanka
Stany Zjednoczone
Tajlandia
Tanzania
Turcja
Wielka Brytania
Włochy
Wyspy Marshalla
 
Statystyki odpowiedzi
Odpowiedź % Poprawnych
Australia
100%
Indie
89%
Japonia
89%
Nowa Zelandia
89%
Republika Południowej Afryki
89%
Wielka Brytania
89%
Bahamy
84%
Fidżi
79%
Indonezja
79%
Irlandia
79%
Singapur
79%
Gujana
74%
Kenia
74%
Malezja
74%
Namibia
74%
Pakistan
74%
Sri Lanka
74%
Tajlandia
74%
Tanzania
74%
Bangladesz
68%
Nie znaleziono quizów pasujących do podanych kryteriów
Rozkład punktacji
Procent ludzi z każdym wynikiem
Percentyl według liczby udzielonych odpowiedzi
Twoja historia wyników
Nie rozwiązałeś tego quizu